000 00541pab a2200193 454500
008 180718b2015 xxu||||| |||| 00| 0 eng d
100 _aBrady, David
245 _aBrokers and the earnings of female sex workers in India
260 _c2015
300 _ap.1123-1149.
362 _aDec
650 _aWomen - India
650 _aSexual division of labour - India
650 _aSexual division of labour
700 _aBlankenship, Kim M.
700 _aBiradavolu, Monica
773 _aAmerican Sociological Review
909 _a110283
999 _c110278
_d110278